000 01028cam a2200373 a 4500
001 805713
003 ARRUPE
005 20150109150550.0
008 900105s1988 nyu b 001 0 eng
010 _a 88014242
020 _a0471613886
035 _a(OCoLC)17873860
035 _a(OCoLC)ocm17873860
035 _a(CStRLIN)NYCG90-B861
035 _a(NNC)805713
040 _csdf
050 0 _aQC28
_b.G74 1988
082 0 _a530
_219
090 _aQC28
_b.G74 1988
100 1 _aGregory, Bruce.
_913713
245 1 0 _aInventing reality :
_bphysics as language /
_cBruce Gregory.
260 _aNew York :
_bWiley,
_cc1988.
300 _aix, 230 p. ;
_c24 cm.
490 1 _aWiley science editions
500 _aIncludes index.
504 _aBibliography: p. 221-224.
650 0 _aPhysics.
_92736
650 0 _aPhysics
_xHistory.
_913654
650 0 _aQuantum theory.
_913714
650 0 _aSpace and time.
_92213
830 0 _aWiley science editions.
_913715
942 _2lcc
_cMONOGRAPH
999 _c121586
_d121586